00601nam a2200169 a 450000100100000000500170001000800410002702000150006804000250008308200160010810000450012424500670016926000380023630000200027495201200029499900170041400002364820200930022353.0101216s1996 nyu 000 0 eng d a0533115949 aDO-SdBNPbengcBNPHU axxxxbS211b1 aSánchez Aristy, Ramón.d1922-94872610aTe boy who wanted to be President /cRamón Sánchez Aristy. aNew York :bVantage Press,c1996. a70 p. ;c21 cm. 001054708MOaGRbGRcCTd2010-12-16iLF1l0oxxxx S211bp23648-10r2020-06-25w2020-06-25y4ZPréstamo en sala c23144d23144